Söylevler (Record no. 7375)

MARC details
000 -BAŞLIK
Sabit Uzunlukta Kontrol Alanı 00801na a2200241 4500
001 - KONTROL NUMARASI
Denetim Alanı 17096
003 - KONTROL NUMARASI IDENTIFIER
Denetim Alanı MIRAKIL
005 - SON İŞLEM TARİHİ VE ZAMANI
Denetim Alanı 20181213155136.0
008 - SABİT-BOY VERİ ELEMANLARI - GENEL BİLGİLER
Sabit Uzunlukta Kontrol Alanı 161022b tu 000 0
035 ## - SİSTEM KONTROL NUMARASI
Sistem Kontrol Numarası 17096
040 ## - KATALOGLAMA KAYNAK
Orijinal Kataloglama Ajansı Milas
Kataloglama Dili tur
Metne Dönüştürmek Ajansı TR-AnCHP
041 ## - DİL KODU
Metin / Ses Parça Veya Ayrı Başlığın Dil Kodu tur
082 ## - DEWEY ONLU SINIFLANDIRMA NUMARASI
Sınıflandırma Numarası CHP 923.156
Ürün Numarası İnönü,İ. 1942
090 ## - SINIFLAMA NUMARASI
Sınıflama Numarası CHP 923.156 İnönü,İ. 1942
110 ## - ANA GİRİŞ - KURUMSAL ADI
Giriş Elemanı Olarak Kurumsal Ad Veya Yargı Alanı Adı Cumhuriyet Halk Partisi
245 ## - BAŞLIK TABLOSU
Başlık Söylevler
Başlığın Kalan 1932-1941
Sorumluluk Tablosu, Vb Cumhuriyet Halk Partisi
260 ## - YAYIN, DAĞITIM, VB
Yayın, Dağıtım, Vb Yeri Ankara
Yayıncı, Dağıtıcı, Vs Adı CHP Genel Sekreterliği Halkevleri ve Halkodalarının onuncu yıldönümü yayınları
Yayın, Dağıtım, Vb Tarihi 1942
300 ## - FİZİKSEL TANIM
Kapsam 135 s.
Boyutlar 22 sm.
500 ## - GENEL NOT
Genel Not Halkevleri ve Halkodalarının yıldönümlerinde verilmiştir
600 ## - KONU KATMA GİRİŞ - KURUMSAL ADI
Kişisel Ad İnönü, İsmet
Genel Alt Bölümü Halkevleri
Kronolojik Alt Bölümü Söylev ve demeçler
830 ## - SERİSİ EKLENDİ GİRİŞ - ÜNİFORM ADI
Üniforma Başlık CHP Yayınları
942 ## - EKLENDİ GİRİŞ ELEMANLARI (KOHA)
Sınıflandırma Veya Raf Düzeni Kaynak Dewey Decimal Classification
Koha Öğesi Türü Books
999 ## - SİSTEM KONTROL NUMARALARI (KOHA)
Koha Biblionumber 7375
Koha Biblioitemnumber 7375
Holdings
Kalıcı Konum Mevcut Konum Edinme Tarihi Edinim Kaynak Toplam Check-Out'Lar Tam Çağrı Numarası Barkod Tarih Son Görülme İtibaren Geçerli Fiyatlar Koha Öğesi Türü
CHP Kütüphanesi CHP Kütüphanesi 10/22/2016 Bağış   CHP 923.156 İnönü,İ. 1942 007021 10/22/2016 10/22/2016 Books